Composition chelsea finale ligue des champions 2008 - Statistiques

Statistiques générales
  • Ce quiz a été pris 329 fois
  • Le résultat moyen est 7 sur 12
Statistiques - réponses
Numéro Joueur % Correct
11 Drogba
98%
1 Čech
93%
26 (cap) Terry
92%
8 Lampard
90%
10 Joe Cole
71%
3 Cole
70%
5 Essien
56%
15 Malouda
53%
13 Ballack
42%
6 Carvalho
32%
4 Makélélé
30%
Entraîneur Grant
9%
Aucun quiz correspondant
Distribution des résultats
% des personnes avec chaque résultat
Percentile par nombre de réponses
Votre historique - résultats
Vous n’avez pas pris ce quiz